00371nam a2200157Ia 4500008004100000020001800041050001500059100001900074245002100093245001800114260001300132260002000145260000900165300001400174300002500188180207s9999 xx 000 0 und d a9781852921446 bC1898 1993 aCampbell, Rod. aLook and learn / cRod Campbell. aLondon : bCampbell Books, c1993 aunpaged : bcolor illustration ;